Eastern Utah Libraries Catalog: Duchesne, Heber, Roosevelt, & Vernal

The hustle / (Record no. 320979)

MARC details
000 -LEADER
fixed length control field 05414cgm a2201033Ii 4500
001 - CONTROL NUMBER
control field on1105606764
003 - CONTROL NUMBER IDENTIFIER
control field OCoLC
005 - DATE AND TIME OF LATEST TRANSACTION
control field 20200320221504.0
007 - PHYSICAL DESCRIPTION FIXED FIELD--GENERAL INFORMATION
fixed length control field vd cvaizq
008 - FIXED-LENGTH DATA ELEMENTS--GENERAL INFORMATION
fixed length control field 190624s2019 cau094 d vleng d
024 1# - OTHER STANDARD IDENTIFIER
Standard number or code 191329099162
Qualifying information (DVD)
028 42 - PUBLISHER NUMBER
Publisher number 61202304
Source Universal Pictures Home Entertainment
-- (container)
028 42 - PUBLISHER NUMBER
Publisher number 2112273
Source Universal Pictures Home Entertainment
-- (container)
028 42 - PUBLISHER NUMBER
Publisher number 2112275
Source Universal Pictures Home Entertainment
-- (disc)
028 42 - PUBLISHER NUMBER
Publisher number 1082189
Source Universal Pictures Home Entertainment
-- (disc)
035 ## - SYSTEM CONTROL NUMBER
System control number (OCoLC)1105606764
037 ## - SOURCE OF ACQUISITION
Source of stock number/acquisition Midwest Tape
Note http://www.midwesttapes.com
040 ## - CATALOGING SOURCE
Original cataloging agency TEFMT
Language of cataloging eng
Description conventions rda
Transcribing agency TEFMT
Modifying agency TEF
-- OCLCF
-- IKG
-- GO6
-- INO
-- GK8
-- WACOL
041 1# - LANGUAGE CODE
Language code of text/sound track or separate title eng
-- fre
-- spa
-- fre
-- spa
-- eng
-- eng
Language code of original and/or intermediate translations of text eng
049 ## - LOCAL HOLDINGS (OCLC)
Holding library WACL
050 #4 - LIBRARY OF CONGRESS CALL NUMBER
Classification number PN1997.2
Item number .H87 2019
082 04 - DEWEY DECIMAL CLASSIFICATION NUMBER
Classification number 791.43/72
Edition number 23
092 ## - LOCALLY ASSIGNED DEWEY CALL NUMBER (OCLC)
Classification number DVD
Item number Hus
245 04 - TITLE STATEMENT
Title The hustle /
Statement of responsibility, etc Metro-Goldwyn-Mayer Pictures presents ; a Cave 76/Camp Sugar production ; producecd by Roger Birnbaum, Rebel Wilson ; story by Stanley Shapiro & Paul Henning and Dale Launer ; screenplay by Stanley Shapiro & Paul Henning and Dale Launer and Jac Schaeffer ; directed by Chris Addison.
257 ## - COUNTRY OF PRODUCING ENTITY FOR ARCHIVAL FILMS
Country of producing entity United States
-- naf
264 #1 - Production, Publication, Distribution, Manufacture, and Copyright Notice.
Place of production, publication, distribution, manufacture Universal City, CA :
Name of producer, publisher, distributor, manufacturer Universal Pictures Home Entertainment,
Date of production, publication, distribution, manufacture, or copyr [2019]
300 ## - PHYSICAL DESCRIPTION
Extent 1 videodisc (94 min.) :
Other physical details sound, color ;
Dimensions 4 3/4 in.
336 ## - Content Type
Content type term two-dimensional moving image
337 ## - Media type
Media type term video
338 ## - Carrier type
Carrier type term videodisc
344 ## -
-- digital
-- rdatr
344 ## -
-- optical
-- rdarm
344 ## -
-- surround
-- rdacpc
344 ## -
-- Dolby digital 5.1
346 ## -
-- NTSC
-- rdabs
347 ## -
-- video file
-- rdaft
347 ## -
-- DVD video
347 ## -
-- region 1
-- rdare
380 ## -
-- Motion pictures
-- lcgft
538 ## - SYSTEM DETAILS NOTE
System details note DVD, NTSC, region 1; wide screen (2.39:1); Dolby digital 5.1 surround, DVS 2.0 stereo (English), Dolby digital 5.1 (French, Spanish).
546 ## - LANGUAGE NOTE
Language note English, French or Spanish dialogue; French or Spanish subtitles; English subtitled for the deaf and hard of hearing (SDH); described video.
500 ## - GENERAL NOTE
General note Originally released as a motion picture in 2019.
500 ## - GENERAL NOTE
General note Adapted from the film "Dirty Roten Scoundrels" (1988).
511 1# - PARTICIPANT OR PERFORMER NOTE
Participant or performer note Anne Hathaway, Rebel Wilson, Alex Sharp, Dean Norris, Timothy Simons, Ingrid Oliver, Nicholas Woodeson, Tim Blake Nelson.
508 ## - CREATION/PRODUCTION CREDITS NOTE
Creation/production credits note Music, Anne Dudley ; editor, Any Boys ; director of photography, Michael Coulter.
500 ## - GENERAL NOTE
General note Wide screen.
521 8# - TARGET AUDIENCE NOTE
Target audience note MPAA rating: PG-13; on appeal for crude sexual content and language.
520 ## - SUMMARY, ETC.
Summary, etc Josephine Chesterfield is a glamorous, seductive Brit who defrauds gullible wealthy men. Penny amasses wads of cash by ripping off her marks in neighborhood bars. Despite their different methods, both are masters of the art of the fleece, so they combine talents for their next mark: a naive tech billionaire.
500 ## - GENERAL NOTE
General note Special features: Hitting the mark; Comedy class; Con artists; Feature commentary by director Chris Addison.
521 ## - TARGET AUDIENCE NOTE
Target audience note DVD
Source Midwest Tape
650 #0 - SUBJECT ADDED ENTRY--TOPICAL TERM
Topical term or geographic name as entry element Swindlers and swindling
Form subdivision Drama.
9 (RLIN) 5704141
650 #0 - SUBJECT ADDED ENTRY--TOPICAL TERM
Topical term or geographic name as entry element Man-woman relationships
Form subdivision Drama.
9 (RLIN) 5673977
650 #7 - SUBJECT ADDED ENTRY--TOPICAL TERM
Topical term or geographic name as entry element Man-woman relationships.
Source of heading or term fast
-- (OCoLC)fst01007080
9 (RLIN) 6008497
650 #7 - SUBJECT ADDED ENTRY--TOPICAL TERM
Topical term or geographic name as entry element Swindlers and swindling.
Source of heading or term fast
-- (OCoLC)fst01140414
9 (RLIN) 6008498
655 #7 - INDEX TERM--GENRE/FORM
Genre/form data or focus term Comedy films.
Source of term fast
-- (OCoLC)fst01710291
9 (RLIN) 102658
655 #7 - INDEX TERM--GENRE/FORM
Genre/form data or focus term Drama.
Source of term fast
-- (OCoLC)fst01423879
9 (RLIN) 5673873
655 #7 - INDEX TERM--GENRE/FORM
Genre/form data or focus term Feature films.
Source of term fast
-- (OCoLC)fst01710384
9 (RLIN) 6008499
655 #7 - INDEX TERM--GENRE/FORM
Genre/form data or focus term Comedy films.
Source of term lcgft
9 (RLIN) 102658
655 #7 - INDEX TERM--GENRE/FORM
Genre/form data or focus term Crime films.
Source of term lcgft
9 (RLIN) 5697955
655 #7 - INDEX TERM--GENRE/FORM
Genre/form data or focus term Feature films.
Source of term lcgft
9 (RLIN) 6008499
655 #7 - INDEX TERM--GENRE/FORM
Genre/form data or focus term Fiction films.
Source of term lcgft
9 (RLIN) 5674705
655 #7 - INDEX TERM--GENRE/FORM
Genre/form data or focus term Video recordings for the hearing impaired.
Source of term lcgft
9 (RLIN) 6008500
655 #7 - INDEX TERM--GENRE/FORM
Genre/form data or focus term Video recordings for people with visual disabilities.
Source of term lcgft
9 (RLIN) 5676923
700 1# - ADDED ENTRY--PERSONAL NAME
Personal name Addison, Chris,
Dates associated with a name 1971-
Relator term film director.
9 (RLIN) 6008501
700 1# - ADDED ENTRY--PERSONAL NAME
Personal name Shapiro, Stanley,
Relator term screenwriter.
9 (RLIN) 4246
700 1# - ADDED ENTRY--PERSONAL NAME
Personal name Henning, Paul,
Dates associated with a name 1911-2005,
Relator term screenwriter.
9 (RLIN) 43730
700 1# - ADDED ENTRY--PERSONAL NAME
Personal name Launer, Dale,
Relator term screenwriter.
9 (RLIN) 68213
700 1# - ADDED ENTRY--PERSONAL NAME
Personal name Schaeffer, Jac,
Relator term screenwriter.
9 (RLIN) 6008502
700 1# - ADDED ENTRY--PERSONAL NAME
Personal name Birnbaum, Roger,
Relator term film producer.
9 (RLIN) 76579
700 1# - ADDED ENTRY--PERSONAL NAME
Personal name Hathaway, Anne,
Dates associated with a name 1982-
Relator term actor.
9 (RLIN) 6008503
700 1# - ADDED ENTRY--PERSONAL NAME
Personal name Wilson, Rebel,
Relator term actor,
-- film producer.
9 (RLIN) 5742375
700 1# - ADDED ENTRY--PERSONAL NAME
Personal name Sharp, Alex,
Dates associated with a name 1989-
Relator term actor.
9 (RLIN) 6008504
700 1# - ADDED ENTRY--PERSONAL NAME
Personal name Norris, Dean,
Relator term actor.
9 (RLIN) 6008505
700 1# - ADDED ENTRY--PERSONAL NAME
Personal name Simons, Timothy,
Relator term actor.
9 (RLIN) 6008506
700 1# - ADDED ENTRY--PERSONAL NAME
Personal name Oliver, Ingrid,
Dates associated with a name 1977-
Relator term actor.
9 (RLIN) 6008507
700 1# - ADDED ENTRY--PERSONAL NAME
Personal name Woodeson, Nicholas,
Relator term actor.
9 (RLIN) 69916
700 1# - ADDED ENTRY--PERSONAL NAME
Personal name Nelson, Tim Blake,
Relator term actor.
9 (RLIN) 47206
710 2# - ADDED ENTRY--CORPORATE NAME
Corporate name or jurisdiction name as entry element Metro-Goldwyn-Mayer (1992- ),
Relator term presenter.
9 (RLIN) 5813307
710 2# - ADDED ENTRY--CORPORATE NAME
Corporate name or jurisdiction name as entry element Cave 76 (Firm),
Relator term production company.
9 (RLIN) 5976642
710 2# - ADDED ENTRY--CORPORATE NAME
Corporate name or jurisdiction name as entry element Camp Sugar (Firm),
Relator term production company.
9 (RLIN) 6008508
710 2# - ADDED ENTRY--CORPORATE NAME
Corporate name or jurisdiction name as entry element Universal Pictures Home Entertainment (Firm),
Relator term publisher.
9 (RLIN) 5718834
730 0# - ADDED ENTRY--UNIFORM TITLE
-- Adapted from (work) :
Uniform title Dirty rotten scoundrels (Motion picture)
9 (RLIN) 71886
730 0# - ADDED ENTRY--UNIFORM TITLE
-- Container of (expression) :
Uniform title Hustle (Motion picture : 2019).
Language of a work Spanish.
9 (RLIN) 5796323
730 0# - ADDED ENTRY--UNIFORM TITLE
-- Container of (expression) :
Uniform title Hustle (Motion picture : 2019).
Language of a work French.
9 (RLIN) 5796324
942 ## - ADDED ENTRY ELEMENTS (KOHA)
Koha item type DVD
948 ## - LOCAL PROCESSING INFORMATION (OCLC); SERIES PART DESIGNATOR (RLIN)
Series part designator, SPT (RLIN) 08/20/2019
z (OCLC) Sirsi
994 ## -
-- C0
-- WACOL
996 ## -
-- 168848
-- 34301001635871
-- DVD
-- DVD
-- wcl
-- i
-- 13
-- 29.99
-- Midwest Tape
-- Hus
-- 08/20/2019
-- 02/28/2020
-- 02/21/2020
Holdings
Withdrawn status Lost status Source of classification or shelving scheme Damaged status Not for loan Collection code Home library Current library Shelving location Date acquired Source of acquisition Total Checkouts Total Renewals Full call number Barcode Date last seen Date checked out Cost, replacement price Price effective from Koha item type
    Dewey Decimal Classification     Movies Wasatch County Library Wasatch County Library Audio Visual Area 08/24/2020 Baker & Taylor 13 14 DVD Hus 34301001694837 05/20/2025 04/11/2025 19.98 08/24/2020 DVD
This project was made possible through a grant from the Institute of Museum and Library Service administered by the Utah State Library Division.

Wasatch County Library

  • 465 East 1200 South, Heber City, Utah 84032
  • Phone 435-654-1511 | Fax 435-654-6456

Hours

  • Monday - Friday 9:30 AM - 8:00 PM
  • Saturday 9:30 AM - 1:30 PM
  • Closed Sundays and Holidays